00818naa#a2200217#i#4500001001500000005001700015011001400032100004100046101000800087102000700095200009400102210004900196215001000245608002700255675017300282700003300455700003200488700003400520700003200554856001400586EN\\bibl\9671420260607174013.7##a2782-490X##a20250404b2025####ek#y0engy0150####ca0#aRUS##aRU1#aINDICES OF WINTER WHEAT CROP STRUCTURE DEPENDING ON THE USE OF CHEMICALSeJournal article1#aKazancKazan state agrarian Universityd2025##a5 с.##aJournal article2local##aМинеральные удобрения в целом. Искусственные удобрения в целом. 631.82aПшеница. Triticum ssp.. 633.11zRUS#1aLogaevagOl'ga Aleksandrovna#1aSmolingNikolay Vasil'evich#1aPotapovagNatal'ya Vasil'evna#1aAbdyushevagDiana Renatovna4#azh-szf.ru